Pakistan : (Record no. 186944)
[ view plain ]
| 000 -LEADER | |
|---|---|
| fixed length control field | 00794 a2200181 4500 |
| 003 - CONTROL NUMBER IDENTIFIER | |
| control field | Nust |
| 005 - DATE AND TIME OF LATEST TRANSACTION | |
| control field | 20230203151626.0 |
| 020 ## - INTERNATIONAL STANDARD BOOK NUMBER | |
| International Standard Book Number | 0905906683 |
| 040 ## - CATALOGING SOURCE | |
| Transcribing agency | Nust |
| 082 ## - DEWEY DECIMAL CLASSIFICATION NUMBER | |
| Classification number | 954.91,,CHO |
| 100 ## - MAIN ENTRY--PERSONAL NAME | |
| Personal name | Choudhury Golam W |
| 9 (RLIN) | 108627 |
| 245 ## - TITLE STATEMENT | |
| Title | Pakistan : |
| Remainder of title | Transition from Military to Civilian Rule / |
| Statement of responsibility, etc. | Golam W Choudhury |
| 260 ## - PUBLICATION, DISTRIBUTION, ETC. | |
| Place of publication, distribution, etc. | Pakistan |
| Name of publisher, distributor, etc. | Golam W Choudhury |
| Linkage | 1988 |
| 505 ## - FORMATTED CONTENTS NOTE | |
| Formatted contents note | Introduction (Page-6), Military Withdrawal from politics in Pakistan (Page-50), The State and religion in Islam (Page-77), Nifaz-I-Nizam-I-Islam (Page-113), Parliamentary vs. Presidential Systems (Page-153), Federalism in Pakistan (Page-183), Ingredients of Democracy (Page-202), Conclusion (Page-231), Epilogue (Page-239). |
| 600 ## - SUBJECT ADDED ENTRY--PERSONAL NAME | |
| Personal name | Golam W Choudhury |
| 9 (RLIN) | 108628 |
| 650 ## - SUBJECT ADDED ENTRY--TOPICAL TERM | |
| Topical term or geographic name entry element | Pakistan |
| 942 ## - ADDED ENTRY ELEMENTS (KOHA) | |
| Source of classification or shelving scheme | |
| Koha item type | Book |
| Withdrawn status | Lost status | Source of classification or shelving scheme | Damaged status | Not for loan | Permanent Location | Current Location | Shelving location | Date acquired | Shelving control number | Total Checkouts | Full call number | Barcode | Date last seen | Date last checked out | Price effective from | Koha item type | Public note |
|---|---|---|---|---|---|---|---|---|---|---|---|---|---|---|---|---|---|
| Military College of Signals (MCS) | Military College of Signals (MCS) | General Stacks | 12/12/2016 | Pakistan History | 2 | 954.91,CHO | MCS22130 | 01/30/2025 | 10/29/2024 | 12/12/2016 | Book | Almirah No.62, Shelf No.1 |
